000 006860000a22001810004500
003 MACL
005 20160731130321.0
008 160731b xxu||||| |||| 00| 0 eng d
040 _aMACL
_cMACL
041 _aHindi
082 _a340 PAT
100 _aपटेल, महेन्‍द्र
_965891
245 _aसहायक जिला लोक अभियोजन अधिकारी प्राकचयन परीक्षा हल प्रश्‍न-पत्र
_cमहेन्‍द्र पटेल
260 _aभोपाल
_bसुविधा लॉ हाउस
_c2012
350 _a280
650 _aलॉ
_933609
942 _cHIN
_k340
_2ddc
999 _c48651
_d48651